000 00447nam a2200181Ia 4500
001 9828
005 20260306161747.0
008 260306t2009||||xx |||||||||||||| ||spa||
041 _aESP
082 _a465
_bR31 T. 2
100 _aReal Academia de la Lengua Española
_eAUT
245 0 _aNueva gramática de la lengua española:
_bsintaxis II
260 _c2009
300 _a
_c
650 _aGEN
654 _aCHU
942 _cLIB
_dJUS
_fJUS
_2ddc
_n
999 _c9828
_d9828